Manuale thomistarum, seu, Brevis theologiae cursus in gratiam et comodum studentium / editus ab Adm. Rev. Patre F. Jo. Baptista Gonet Biterrensi, Ord. FF. Praedicatorum, Provinciae Tolosanae, strictioris observantiae, in Academia Burdigalensi antecessore

Detalles Bibliográficos
Autor principal: Gonet, Jean Baptiste, O. P., 1616-1681
Formato: Libro
Lenguaje:Latin
Publicado: Patavii : ex Typographia Seminarii, apud Joannem Manfrè, 1757-
Materias:
Colección:Banco de datos
Acervo:Biblioteca de la Beneficencia Española del Archivo General de Puebla. Puebla
Descripción Física:6 t. ; 8°
Tema general:Teología dogmática
Notas:Portada con viñeta central en grabado xilográfico. Encuadernación en pergamino. Daños de polilla, humedad y en la encuadernación (259, 260, 261)
LEADER 00979nam a22001810004500
035 |a 80 
041 0 |a lat 
100 1 |a Gonet, Jean Baptiste, O. P., 1616-1681 
245 1 0 |a Manuale thomistarum, seu, Brevis theologiae cursus in gratiam et comodum studentium / editus ab Adm. Rev. Patre F. Jo. Baptista Gonet Biterrensi, Ord. FF. Praedicatorum, Provinciae Tolosanae, strictioris observantiae, in Academia Burdigalensi antecessore 
260 |a Patavii : ex Typographia Seminarii, apud Joannem Manfrè, 1757- 
300 |a 6 t. ; 8° 
500 |a Portada con viñeta central en grabado xilográfico. Encuadernación en pergamino. Daños de polilla, humedad y en la encuadernación (259, 260, 261) 
650 1 0 |a Teología dogmática 
740 0 |a Brevis theologiae cursus in gratiam et comodum studentium  
949 |a t. 2 (261), t. 3 (259), t. 4 (260) 
942 |c BENEFICENC 
943 |g Biblioteca de la Beneficencia Española del Archivo General de Puebla. Puebla 
999 |c 946737  |d 946737